| 000 | 00643nam a2200229 a 4500 | ||
|---|---|---|---|
| 999 |
_c1550 _d1550 |
||
| 005 | 20200515134030.0 | ||
| 008 | 200515b ||||| |||| 00| 0 spa d | ||
| 040 |
_aCO-BoIAVH _cCO-BoIAVH |
||
| 041 | _aeng | ||
| 082 | _a639.9 | ||
| 090 |
_aLB _b01543 |
||
| 100 |
_aBissonette, John A. _9102943 |
||
| 245 |
_aWildlife and landscape ecology _beffects of pattern and scale |
||
| 260 |
_aNueva York _bSpringer _c1997 |
||
| 300 | _a410 p. | ||
| 650 |
_aFauna silvestre _9102944 |
||
| 650 |
_aFlora silvestre _9102945 |
||
| 650 |
_aEcologĂa del paisaje _9102946 |
||
| 650 |
_aEscala _992228 |
||
| 650 |
_aPatrones _9102947 |
||
| 942 |
_cLIBRO _2ddc |
||